Formación de profesores: una nueva actitud formativa

Saved in:
Bibliografiske detaljer
Main Authors: Soto, Viola (Author), Ruz R., Juan (Author)
Format: Bog
Sprog:spansk
Udgivet: Santiago CPU 1992
Fag:
Tags: Tilføj Tag
Ingen Tags, Vær først til at tagge denne postø!

MARC

LEADER 00000nam a2200000 a 4500
001 UCW7749
003 CL-VaPUC
008 930818e19920000CL |||||||||||||||||spa|d
082 0 4 |a 370.71  |b SOT  |2 21 
100 0 |a Soto, Viola  |e author  |9 312950 
700 0 |a Ruz R., Juan  |e author  |9 312951 
245 1 0 |a Formación de profesores: una nueva actitud formativa 
300 |a 234 p 
942 |c BK 
945 |d 19930818 00:00:00  |a rbrito 
260 |a Santiago  |b CPU  |c 1992 
650 0 |a Formación profesional de profesores  |9 307493 
583 |a last modification  |c 19930818 00:00:00  |k Rodrigo Vera 
999 |c 220414  |d 220412 
952 |0 0  |1 0  |4 0  |6 370_710000000000000_SOT_1992  |7 0  |8 A  |9 212607  |a BIBTEO  |b BIBTEO  |d 2019-11-15  |i 2808005  |o 370.71 SOT 1992  |p 2808005  |r 2025-01-17  |w 2019-11-15  |y BK  |k ICR 
952 |0 0  |1 0  |4 0  |6 370_710000000000000_SOT_1992  |7 0  |8 A  |9 212608  |a BIBEDU  |b BIBEDU  |c ES_NOD  |d 2019-11-15  |i 2808013  |o 370.71 SOT 1992  |p 2808013  |r 2023-08-09  |w 2019-11-15  |y BK  |k EDU 
952 |0 0  |1 0  |4 0  |6 370_710000000000000_SOT_1992  |7 0  |8 A  |9 212609  |a BIBEDU  |b BIBEDU  |c ES_NOD  |d 2019-11-15  |i 2978679  |o 370.71 SOT 1992  |p 2978679  |r 2023-08-09  |w 2019-11-15  |y BK  |k EDU 
952 |0 0  |1 0  |4 0  |6 370_710000000000000_SOT_1992  |7 0  |8 A  |9 212610  |a BIBEDU  |b BIBEDU  |c ES_NOD  |d 2019-11-15  |i 3737527  |o 370.71 SOT 1992  |p 3737527  |r 2023-08-09  |w 2019-11-15  |y BK  |k BME